Catálogo
 En Linea

Historia de Almueje : (Registro nro. 12001)

Detalles MARC
000 -CABECERA
campo de control de longitud fija 01030nam a2200325 i 4500
001 - NÚMERO DE CONTROL
campo de control 000012344
003 - IDENTIFICADOR DEL NÚMERO DE CONTROL
campo de control DO-SdBNP
005 - FECHA Y HORA DE LA ÚLTIMA TRANSACCIÓN
campo de control 20250218104750.0
007 - CAMPO FIJO DE DESCRIPCIÓN FÍSICA--INFORMACIÓN GENERAL
campo de control de longitud fija ta
008 - DATOS DE LONGITUD FIJA--INFORMACIÓN GENERAL
campo de control de longitud fija 091111s1999 dr r 001 0 spa d
040 ## - FUENTE DE LA CATALOGACIÓN
Centro catalogador/agencia de origen DO-SdBNP
Lengua de catalogación spa
Centro/agencia transcriptor BNPHU
Normas de descripción rda
041 ## - CÓDIGO DE LENGUA
Código de lengua original spa
082 ## - NÚMERO DE LA CLASIFICACIÓN DECIMAL DEWEY
Número de clasificación xxxx
Número de documento/Ítem G216h
Número de edición 22
100 1# - ENTRADA PRINCIPAL--NOMBRE DE PERSONA
Nombre de persona García Cartagena, Manuel
Término indicativo de función/relación autor
9 (RLIN) 12067
245 10 - MENCIÓN DE TÍTULO
Título Historia de Almueje :
Resto del título novela /
Mención de responsabilidad, etc. Manuel García Cartagena.
246 10 - FORMA VARIANTE DE TÍTULO
Título propio/Titulo breve Obras
264 ## - PRODUCCIÓN, PUBLICACIÓN, DISTRIBUCIÓN, FABRICACIÓN Y COPYRIGHT
Producción, publicación, distribución, fabricación y copyright Santo Domingo :
Nombre del de productor, editor, distribuidor, fabricante Sistema Nacional de talleres literarios
-- Consejo Presidencial de Cultura,
Fecha de producción, publicación, distribución, fabricación o copyright 1999.
300 ## - DESCRIPCIÓN FÍSICA
Extensión volumen ;
Dimensiones 28 cm.
336 ## - TIPO DE CONTENIDO
Término de tipo de contenido rdacontent
Código de tipo de contenido texto
Fuente txt
337 ## - TIPO DE MEDIO
Nombre/término del tipo de medio rdamedia
Código del tipo de medio sin mediación
Fuente n
338 ## - TIPO DE SOPORTE
Nombre/término del tipo de soporte rdacarrier
Código del tipo de soporte volumen
Fuente nc
490 1# - MENCIÓN DE SERIE
Mención de serie Sistema Nacional de talleres literarios
Designación de volumen o secuencia 2
490 1# - MENCIÓN DE SERIE
Mención de serie Fin de siglo
500 ## - NOTA GENERAL
Nota general La biblioteca posee en v. 1
590 ## - NOTA LOCAL (RLIN)
Nota local Inventariado, 2020/BT
830 #0 - PUNTO DE ACCESO ADICIONAL DE SERIE-TÍTULO UNIFORME
Título uniforme Sistema Nacional de talleres literarios
Número de parte o sección de la obra 2
9 (RLIN) 29015
830 #0 - PUNTO DE ACCESO ADICIONAL DE SERIE-TÍTULO UNIFORME
Título uniforme Fin de siglo
9 (RLIN) 25148
910 ## - DATOS DE OPCIÓN DEL USUARIO (OCLC)
Datos de opción del usuario BT
942 ## - ELEMENTOS DE PUNTO DE ACCESO ADICIONAL (KOHA)
Fuente del sistema de clasificación o colocación Dewey Decimal Classification
Tipo de ítem Koha Libro
Existencias
Estado de retiro Estado de pérdida Fuente del sistema de clasificación o colocación Restricciones de uso No para préstamo Código de colección Localización permanente Ubicación/localización actual Ubicación en estantería Fecha de adquisición Total de préstamos Signatura topográfica completa Código de barras Fecha visto por última vez Precio válido a partir de Tipo de ítem Koha Número de copia Fuente de adquisición Nota pública
    Dewey Decimal Classification Excluido de préstamo   Patrimonio Dominicano Biblioteca Nacional Pedro Henríquez Ureña Biblioteca Nacional Pedro Henríquez Ureña Depósito 11.11.2009   BNPHU DS G216h 12344-10 25.06.2020 25.06.2020 Libro      
    Dewey Decimal Classification Préstamo en sala   Dominicana de Servicio Biblioteca Nacional Pedro Henríquez Ureña Biblioteca Nacional Pedro Henríquez Ureña En catalogación 18.02.2025   BNPHU DS G216h 2025-1038 18.02.2025 18.02.2025 Libro e.3 Donado por la Presidencia de la República Dominicana 2023 Pertenecio a la biblioteca de René Rodríguez Soriano
    Dewey Decimal Classification   Excluido de préstamo Patrimonio Dominicano Patrimonio Dominicano Patrimonio Dominicano Depósito 16.05.2018   BNPHU PD G216h 12344-20 25.06.2020 25.06.2020 Libro e.2    

Con tecnología Koha